| 000 | 00703nam a2200205 a 4500 | ||
|---|---|---|---|
| 005 | 20250626063850.0 | ||
| 008 | 991125s1978 es 000 0 spa u | ||
| 020 | _a8428103887 | ||
| 035 | _aUPN01000001084 | ||
| 049 | _aCG | ||
| 050 | 4 |
_aP106 _bS5.28 |
|
| 100 | 1 | _aSinclair de Zwart, Herminia | |
| 245 | 1 | 0 |
_aAdquisición del lenguaje y desarrollo de la mente : _bsubsistemas lingüísticos y operaciones concretas / _cHerminia Sinclair de Zwart ; tr. Alicia Ramón García. |
| 260 |
_aBarcelona, Esp. : _bOikos-Tau, _c1978. |
||
| 300 | _a192 p. | ||
| 440 | 0 |
_aCiencias de la educación. _pPsicopedagogía |
|
| 650 | 2 |
_aDesarrollo mental _912454 |
|
| 650 | 4 |
_aNiño, Estudio del _9221 |
|
| 905 | _aLibro | ||
| 999 |
_c1084 _d1084 |
||